Baby Einstein (motion picture): (Record no. 116470)
[ view plain ]
| 000 -LEADER | |
|---|---|
| fixed length control field | 00560nam a2200133 a 4500 |
| 005 - DATE AND TIME OF LATEST TRANSACTION | |
| control field | 20140513081055.0 |
| 008 - FIXED-LENGTH DATA ELEMENTS--GENERAL INFORMATION | |
| fixed length control field | 051004s19uu xx 00 eng d |
| 050 ## - LIBRARY OF CONGRESS CALL NUMBER | |
| Classification number | DVD |
| Item number | Ba112 200? |
| 245 ## - TITLE STATEMENT | |
| Title | Baby Einstein (motion picture): |
| Remainder of title | the baby einstein 2; baby Bethoven. |
| 260 ## - PUBLICATION, DISTRIBUTION, ETC. (IMPRINT) | |
| Name of publisher, distributor, etc | Dolby digital, |
| Date of publication, distribution, etc | 200?. |
| 500 ## - GENERAL NOTE | |
| General note | Content : 6 plate ( discs) of The Baby einstein 2 ; 10 plates (discs) for baby Einstein bay Bethoven ; approx 30 minutes/plate . Plate #3 in Baby Einstein is missing. Subtitle: Chinese |
| 650 ## - SUBJECT ADDED ENTRY--TOPICAL TERM | |
| Topical term or geographic name as entry element | Adventure-science. |
| Withdrawn status | Lost status | Damaged status | Home library | Current library | Shelving location | Date acquired | Source of acquisition | Total Checkouts | Full call number | Barcode | Date last seen | Price effective from | Koha item type |
|---|---|---|---|---|---|---|---|---|---|---|---|---|---|
| Elizalde Library | Elizalde Library | Audio Visual Material Section | 10/04/2005 | DVD Ba112 200? | E549 | 05/13/2014 | 05/13/2014 | Audio Visual Materials |